Catalog

Record Details

Catalog Search



Available copies

  • 2 of 2 copies available at LARL/NWRL Consortium.
  • 1 of 1 copy available at Lake Agassiz Regional Library. (Show preferred library)

Current holds

0 current holds with 2 total copies.

Show Only Available Copies
Location Call Number / Copy Notes Barcode Shelving Location Status Due Date
Moorhead Public Library Ric (Text) 33500006431373 Main Available -
Thief River Falls Public Library RIC (Text) 35500004943856 Main Available -

Record details

  • ISBN: 0679454497
  • ISBN: 0965271412 (Knopf paper ed.)
  • Physical Description: 471 p. ; 24 cm.
  • Publisher: New York : Alfred A. Knopf, 2001.
Subject: Vampires > Fiction.
Genre: Horror fiction.
LDR 01115cam a2200301Ia 4500
00135448
003LARL_NWRL_CONSORTIUM
00520010702164901.0
008010501s2001 nyu 000 1 eng
020 . ‡a0679454497
020 . ‡a0965271412 (Knopf paper ed.)
035 . ‡a(OCoLC)46935938
03500. ‡ilcmarc/AZS-1835/KRLTECH
08200. ‡a813/.54 ‡221
099 . ‡aRic
1001 . ‡aRice, Anne, ‡d1941- ‡0(LARL_NWRL_CONSORTIUM)58175
24510. ‡aBlood and gold, or, The story of Marius ‡n#8/ ‡cAnne Rice.
24630. ‡aStory of Marius
260 . ‡aNew York : ‡bAlfred A. Knopf, ‡c2001.
300 . ‡a471 p. ; ‡c24 cm.
4900 . ‡aVampire chronicles ; ‡v8
650 0. ‡aVampires ‡vFiction. ‡0(LARL_NWRL_CONSORTIUM)167805
655 7. ‡aHorror fiction. ‡2gsafd
901 . ‡a35448 ‡bOCLC ‡c35448 ‡tbiblio

Additional Resources